Music imagination and culture (Record no. 15805)

MARC details
000 -LEADER
fixed length control field 00402nam a22001457a 4500
008 - FIXED-LENGTH DATA ELEMENTS--GENERAL INFORMATION
fixed length control field 160317b xxu||||| |||| 00| 0 eng d
020 ## - INTERNATIONAL STANDARD BOOK NUMBER
International Standard Book Number 0198163039
100 ## - MAIN ENTRY--PERSONAL NAME
Personal name Cook, Nicholas
245 ## - TITLE STATEMENT
Title Music imagination and culture
Statement of responsibility, etc. By Nicholas Cook
260 ## - PUBLICATION, DISTRIBUTION, ETC. (IMPRINT)
Place of publication, distribution, etc. USA
Name of publisher, distributor, etc. OUP
Date of publication, distribution, etc. 1990
300 ## - PHYSICAL DESCRIPTION
Extent 265p.
650 ## - SUBJECT ADDED ENTRY--TOPICAL TERM
Topical term or geographic name as entry element Music
Form subdivision Philosophy and aesthetics
650 ## - SUBJECT ADDED ENTRY--TOPICAL TERM
Topical term or geographic name as entry element Music
Topical term following geographic name as entry element psychological aspects
942 ## - ADDED ENTRY ELEMENTS (KOHA)
Source of classification or shelving scheme Library of Congress Classification
Koha item type General Collection
Holdings
Withdrawn status Lost status Source of classification or shelving scheme Not for loan Home library Current library Shelving location Date acquired Cost, normal purchase price Total Checkouts Full call number Barcode Date last seen Price effective from Koha item type Damaged status Date last checked out
    Library of Congress Classification   Kabarak, Main Campus Kabarak, Main Campus General Stacks 17/03/2016 1237.00   ML3845 .C67 1990 c.1 026048 17/03/2016 17/03/2016 General Collection    
  Lost Library of Congress Classification   Kabarak, Main Campus Kabarak, Main Campus General Stacks 17/03/2016 1237.00 1 ML3845 .C67 1990 c.2 026047 23/09/2016 17/03/2016 General Collection   23/09/2016
Designed with assistance from East African Informatics Ltd